Comment greffer vos arbres (Record no. 11524)
[ view plain ]
| 000 -LEADER | |
|---|---|
| fixed length control field | 00462 a2200217 4500 |
| 035 ## - SYSTEM CONTROL NUMBER | |
| System control number | 3870 |
| 100 ## - VEDETTE PRINCIPALE - NOM DE PERSONNE | |
| Personal name | MICHARD, Pierre |
| 130 ## - VEDETTE PRINCIPALE - TITRE UNIFORME | |
| Language of a work | Fr. |
| 260 ## - PUBLICATION, DISTRIBUTION, ETC. (IMPRINT) | |
| Place of publication, distribution, etc | Paris |
| 260 ## - PUBLICATION, DISTRIBUTION, ETC. (IMPRINT) | |
| Name of publisher, distributor, etc | Flammarion |
| 245 ## - TITLE STATEMENT | |
| Title | Comment greffer vos arbres |
| 260 ## - PUBLICATION, DISTRIBUTION, ETC. (IMPRINT) | |
| Date of publication, distribution, etc | 1952 |
| 300 ## - PHYSICAL DESCRIPTION | |
| Extent | 118 p. |
| 300 ## - PHYSICAL DESCRIPTION | |
| Other physical details | ill., photogr. ; 27 cm |
| 440 ## - SERIES STATEMENT/ADDED ENTRY--TITLE | |
| Title | (La terre) |
| 500 ## - GENERAL NOTE | |
| General note | Glossaire : p. 119 |
| 650 ## - SUBJECT ADDED ENTRY--TOPICAL TERM | |
| Topical term or geographic name as entry element | <Greffe> |
| Withdrawn status | Lost status | Damaged status | Not for loan | Location (home branch) | Sublocation or collection (holding branch) | Date acquired | Source of acquisition | Koha issues (times borrowed) | Koha full call number | Piece designation (barcode) | Koha date last seen | Copy number | Koha item type |
|---|---|---|---|---|---|---|---|---|---|---|---|---|---|
| Bibliothèque Ecole Polytechnique d'Abomey-Calavi | Bibliothèque Ecole Polytechnique d'Abomey-Calavi | 27/02/2009 | EPAC | 631.541/M621c | 20910EPAC | 27/02/2009 | 1 | Livre |